For all practical purposes introduction to contemporary mathematics (Record no. 580690)

000 -LEADER
fixed length control field 00463nam a22001817a 4500
003 - CONTROL NUMBER IDENTIFIER
control field CEME
005 - DATE AND TIME OF LATEST TRANSACTION
control field 20210628205357.0
008 - FIXED-LENGTH DATA ELEMENTS--GENERAL INFORMATION
fixed length control field 210304b xxu||||| |||| 00| 0 eng d
020 ## - INTERNATIONAL STANDARD BOOK NUMBER
International Standard Book Number 0-7167-2378-6
040 ## - CATALOGING SOURCE
Transcribing agency .
082 ## - DEWEY DECIMAL CLASSIFICATION NUMBER
Classification number 510 FOR'A
245 ## - TITLE STATEMENT
Title For all practical purposes introduction to contemporary mathematics
250 ## - EDITION STATEMENT
Edition statement 3RD
260 ## - PUBLICATION, DISTRIBUTION, ETC.
Place of publication, distribution, etc. NEWYORK
Name of publisher, distributor, etc. W. H. Freeman
Date of publication, distribution, etc. 1988
300 ## - PHYSICAL DESCRIPTION
Extent XIV, 720P
650 ## - SUBJECT ADDED ENTRY--TOPICAL TERM
Topical term or geographic name entry element MATHEMATICS
9 (RLIN) 6466
942 ## - ADDED ENTRY ELEMENTS (KOHA)
Koha item type Book
Source of classification or shelving scheme
Holdings
Withdrawn status Lost status Source of classification or shelving scheme Damaged status Not for loan Permanent Location Current Location Shelving location Date acquired Full call number Barcode Date last seen Price effective from Koha item type Public note
          College of Electrical & Mechanical Engineering (CEME) College of Electrical & Mechanical Engineering (CEME) General Stacks 05/17/2017 510 FOR'A CEME-31792 06/28/2021 06/28/2021 Book 3.7
          College of Electrical & Mechanical Engineering (CEME) College of Electrical & Mechanical Engineering (CEME) General Stacks 05/22/2017 510 FOR'A CEME-32025 06/28/2021 06/28/2021 Book 3.7
© 2023 Central Library, National University of Sciences and Technology. All Rights Reserved.